| 000 | nam a22 7a 4500 | ||
|---|---|---|---|
| 999 |
_c350651 _d350651 |
||
| 003 | BLK | ||
| 005 | 20201007040701.0 | ||
| 008 | 200402b bu ||||| |||| 00| 0 bu d | ||
| 040 | _aBLK | ||
| 041 |
_aBUL _cBUL |
||
| 080 |
_aБългарска литература _b821.163.2 |
||
| 100 |
_aФучеджиев, Дико Славов _eпърви автор _91299 |
||
| 139 |
_aФучеджиев, Дико Славов _bФ 95 |
||
| 245 |
_aРека _bРоман _cДико Фучеджиев ; Пер. с болг. яз. Н. Смирнова |
||
| 257 | _aBGR | ||
| 260 |
_9209450 _bСвят _n954-415- _c1988 |
||
| 300 |
_a324 с. _c20 см |
||
| 380 | _aX | ||
| 501 | _aОриг. загл. Реката. - 50 200 тир | ||
| 700 |
_aСмирнова, Н. _9403366 |
||
| 852 |
_aЦб 152334 _bЦб |
||
| 942 |
_cKNG _n0 _s1 |
||
| 944 |
_aCR _c2020-04-02 _kКина Георгиева |
||
| 999 | _d350651 | ||
| 999 | _d350651 | ||
| 999 | _d350651 | ||
| 999 | _d350651 | ||